000 00529nam a2200193Ia 4500
005 20260429112156.0
008 260429s9999||||xx |||||||||||||| ||und||
020 _a9781639878895
041 _aEnglish
082 _a006.4
_bMIC
100 _aMichael, Erin
245 0 _aPattern recognition :
_bfrom theory to applications /
_cErin Michael
250 _a1st ed.
260 _aNew York :
_bMurphy & Moore,
_c2024.
300 _avii, 241 p.; hb
650 _a Neural networks
650 _aPattern recognition
942 _cTB
999 _c52735
_d52735